000 00488nam a2200193Ia 4500
005 20250508150416.0
008 008 250505s9999 xx 000 0 eng d
037 _aTextual
040 _aFEDL
_beng
_cFEDL
041 _aeng
_2eng
084 _a370.4, UNE
_qFEDL
245 0 _aReflections on our age
245 0 _cUNESCO
260 _aLondon, UK
_bAllan Wingate
300 _a346p.
650 _aEducation
942 _cTEXL
_h370.4, UNE
999 _c1323490
_d1323490